Rozpoznaj miejsce po zdjęciu #1 - Statystyki

Ogólne statystyki
  • Ten quiz został rozwiązany 14 razy
  • Średni wynik to 5 z 12
Statystyki odpowiedzi
Obrazkowy Odpowiedź % Poprawnych
Kilimandżaro
86%
Niagara
71%
Wielki mur chiński
64%
Machu picchu
57%
Zamek w Malborku
57%
Morskie Oko
50%
Petra
43%
Lofoty
21%
Venice Beach
14%
Dolomity
7%
Socotra
7%
Yellowstone
7%
Nie znaleziono quizów pasujących do podanych kryteriów
Rozkład punktacji
Procent ludzi z każdym wynikiem
Percentyl według liczby udzielonych odpowiedzi
Twoja historia wyników
Nie rozwiązałeś tego quizu